LEADER 01201nam0-2200385---450 001 990005724280203316 005 20190403125013.0 035 $a000572428 035 $aUSA01000572428 035 $a(ALEPH)000572428USA01 035 $a000572428 100 $a20070806d1979----|||y0itaa50------ba 101 $ager 102 $ade 105 $a0 00||| 200 1 $aAnerkennung als Prinzip der praktischen Philosophie$eUntersuchungen zu Hegels Jenaer Philosophie des Geistes$fLudwig Siep 210 $aFreiburg$cAlber$dc1979 215 $a378 p.$d20 cm. 225 2 $aPraktische Philosophie$v11 410 0$12001$aPraktische Philosophie$v11 606 $aHegel, Georg Wilhelm Friedrich. Phanomenologie des Geistes.$2F 620 $dFREIBURG 676 $a193 700 1$aSIEP,$bLudwig$0152088 801 0$aIT$bSA$c20111219 912 $a990005724280203316 950 0$aDipar.to di Filosofia - Salerno$dDFCC 193 SIE$e1540 FIL 951 $aCC 193 SIE$b1540 FIL 959 $aBK 969 $aFIL 979 $c20121027$lUSA01$h1526 979 $c20121027$lUSA01$h1615 996 $aAnerkennung als Prinzip der praktischen Philosophie$9472977 997 $aUNISA NUM $aSA0021665 LEADER 01399nas 2200409-a 450 001 996217117803316 005 20240413030357.0 035 $a(CKB)991042746892326 035 $a(CONSER)sn-87027093- 035 $a(EXLCZ)99991042746892326 100 $a20790531a19589999 -f- a 101 0 $aeng 181 $ctxt$2rdacontent 182 $cc$2rdamedia 183 $acr$2rdacarrier 200 10$aRepertory of practice of United Nations organs$iSupplement 210 $aNew York $cUnited Nations$d1958- 215 $a1 online resource 300 $a"This Supplement should be cited as follows: Repertory of United Nations practice, Supplement." 311 $aPrint version: Repertory of practice of United Nations organs. (DLC)sn 87027093 (OCoLC)5023114 0501-3348 517 1 $aRepertory of United Nations practice. 606 $aVerenigde Naties$2gtt 606 $aOrganisaties$2gtt 606 $aINTERNATIONAL ORGANIZATIONS$2unbist 606 $aPARLIAMENTARY PRACTICE$2unbist 608 $aRules and practice. 608 $aRules.$2fast 615 17$aVerenigde Naties. 615 17$aOrganisaties. 615 7$aINTERNATIONAL ORGANIZATIONS. 615 7$aPARLIAMENTARY PRACTICE. 676 $a341.232 906 $aJOURNAL 912 $a996217117803316 920 $aexl_impl conversion 996 $aRepertory of practice of United Nations organs$92165072 997 $aUNISA